Glee cast Quiz Stats

 Plays Quiz not verified by Sporcle

Score 0/22 Timer 11:00
0 Plays Today
Hint Answer % Correct
Rachel BerryLea Michele
94.2%
Finn HudsonCory Monteith
90.9%
Kurt HummelChris Colfer
88%
Santana LopezNaya Rivera
82.5%
Mercedes JonesAmber Riley
81.2%
Will Schuester Matthew Morrison
79.3%
Sue SylvesterJane Lynch
77%
Noah 'Puck' PuckermanMark Salling
72.5%
Sam EvansChord Overstreet
71.8%
Blaine AndersonDarren Criss
67.6%
Quinn FabrayDianna Agron
65.4%
Hint Answer % Correct
Artie AbramsKevin McHale
62.1%
Mike Chang Harry Shum Jr.
57.6%
Tina Cohen-ChangJenna Ushkowitz
55.7%
Emma PillsburyJayma Mays
54%
Shannon BeisteDot-Marie Jones
47.9%
Heather MorrisBrittany S. Pierce
46.9%
Becky JacksonLauren Potter
40.5%
Burt HummelMike O'Malley
38.2%
Principal Figgins Iqbal Theba
30.4%
Terri SchuesterJessalyn Gilsig
25.9%
Brad the piano playerBrad Ellis
23%

You're not logged in!

Compare scores with friends on all Sporcle quizzes.
OR
Log In

Show Comments

Extras

Created Sep 2, 2015SourceReportNominate
Tags:Cast Quiz, character, glee

Top Quizzes Today


Score Distribution

Your Account Isn't Verified!

In order to create a playlist on Sporcle, you need to verify the email address you used during registration. Go to your Sporcle Settings to finish the process.

Report this User

Report this user for behavior that violates our Community Guidelines.

Details: